| 000 | 01115nas a2200349 4500 | ||
|---|---|---|---|
| 001 | BR2021000270 | ||
| 003 | BR-BrBNA | ||
| 005 | 20231205132137.0 | ||
| 007 | ta | ||
| 008 | 230509b bl.|||p| |||| 00| 00por d | ||
| 040 |
_aBR-BrBNA _bpor _cBiblioteca Nacional de Agricultura |
||
| 041 | _a(Pt) | ||
| 072 | _aK10; K50 | ||
| 100 | 1 | _aMiranda, D.L.C. de | |
| 100 | 1 | _aLoch, V.M. | |
| 100 | 1 | _aSilva, F. da | |
| 100 | 1 | _aLisboa, G. dos S. | |
| 100 | 1 | _aCanalez, G. de G. | |
| 100 | 1 | _aCondé, T.M. | |
| 100 | 1 | _aCastelo, P.A.R. | |
| 245 | 1 | _aPorcentagem de cerne, alburno e casca de cinco espécies madeireiras da Amazônia | |
| 650 | _aMANEJO | ||
| 650 | _aFLORESTA | ||
| 650 | _aRENDIMENTO | ||
| 650 | _aVOLUME | ||
| 650 | _aDENDROMETRIA | ||
| 773 | 0 |
_tNativa. Pesquisas Agrárias e Ambientais (Brazil) _xISSN 2318-7670 _g(Dec 2017), v. 5(special number) p. 619-627 _wBR2021000270 |
|
| 856 | 4 | 0 | _uhttps://periodicoscientificos.ufmt.br/ojs/index.php/nativa/article/view/4788/4730 |
| 856 | 4 | 0 | _dLink DSPACE/MAPA BR2021000270 |
| 909 |
_a202311 _bLúcia _c55 _dLúcia Elande |
||
| 942 |
_2AGRIS _n0 _cANA |
||
| 999 |
_c258723 _d258723 |
||